000 00882nam a22002897a 4500
001 8607
003 FISKH
005 20251002142718.0
008 251002b cb ||||| |||| 00| 0 eng d
020 _a078073165339
040 _aFISKH
_beng
_cFISKH
_dFISKH
050 _aBZ7
082 _a371
100 _aH. Moore, Helen
_eAuthor
245 _aJaguar's Jamboree
_bAlpha tales: J
260 _aNew York :
_bScholastic Inc. ,
_c2001
300 _a16 pages :
_bcolor illustrations ;
_c26 cm
505 _aE
520 _aLearning the ABCs is loads of fun with this totally charming collection of alliterative stories. Alpha Tales.
521 8 _a200
_bLexile estimate
521 8 _aE
_bRaz-Plus
650 _aABC books
_vAlpha tales
650 _aAlphabet
_vAlphabet - Location
700 _aSasaki, Ellen Joy
_eIllustrator
942 _2ddc
_cBK
_n0
999 _c8607
_d8607